| 000 | 00631nam a2200217 4500 | ||
|---|---|---|---|
| 001 | 37503 | ||
| 003 | CO-ViMGA | ||
| 005 | 20250801162558.0 | ||
| 020 | _a9789589952047 | ||
| 040 |
_aCO-ViMGA _bspa _cCO-ViMGA |
||
| 082 | 0 | 4 |
_a920 _bM64c |
| 100 | 1 |
_aMojica García, Rafael _96310 |
|
| 245 | 1 | 0 |
_aColombia País de sabios / _bReseña de Científicos _cRafael Mojica García |
| 260 |
_aVillavicencio. META. Colombia : _bUniversidad del META, _c2012. |
||
| 300 |
_a324 p. : _bIl, dibujos; 28 cm |
||
| 490 | _v139 | ||
| 500 | _aApéndice, Bibliografía y contenido. | ||
| 650 | 1 | 4 |
_aBiografía. _96315 |
| 942 |
_2ddc _cBK |
||
| 999 |
_c37503 _d37503 |
||